| 000 | 00350nam a2200121Ia 4500 | ||
|---|---|---|---|
| 005 | 20251222154438.0 | ||
| 008 | 251222s9999||||xx |||||||||||||| ||spa|| | ||
| 020 | _a978-612-4192-42-5 | ||
| 082 | _a869.56/C557T | ||
| 100 | _a"Chirinos Arrieta, Eduardo" | ||
| 245 | 0 | _aTreinta y cinco lecciones de biología (y tres crónicas didácticas) | |
| 942 | _cLIB | ||
| 999 |
_c36678 _d36678 |
||